00754nam a22002418a 450000500170000000800410001701000140005802000230007202000260009503500130012103700150013404000180014908200100016724500980017726000490027527000430032430000330036750000190040065000250041965000180044465000290046270000210049120090710135729.0090121s2009 cau b 001 0 eng  aENG-94379 a0070147256c450.00 a9780070147256c450.00 aEN-77912 bDBAD / PUB adplbEnglish  a005.1 aSoftware & systems requirements engineering :bin practice /cby Brian Berenbach ... [et al.] aNew Delhi bTata McGraw-Hill Educationc2009 a7 West Patel Nagar bNew Delhie110008 axxv, 321p.:billc23cm(pbk)  aIncludes index aSoftware engineering aSystem design aRequirements engineering aBerenbach, Brian